St John`s College Oxford v. Thames Water Authority (Record no. 91019)

MARC details
000 -LEADER
fixed length control field 00966cam a2200265 4500
001 - CONTROL NUMBER
control field J1153
008 - FIXED-LENGTH DATA ELEMENTS--GENERAL INFORMATION
fixed length control field 090401t1987 xxu||||| |||| 00| 0 eng d
035 ## - SYSTEM CONTROL NUMBER
System control number (Sirsi) u42070
041 ## - LANGUAGE CODE
Language code of text/sound track or separate title eng
110 ## - MAIN ENTRY--CORPORATE NAME
Corporate name or jurisdiction name as entry element England and Wales
Subordinate unit Lands Tribunal
9 (RLIN) 1252
245 ## - TITLE STATEMENT
Title St John`s College Oxford v. Thames Water Authority
260 ## - PUBLICATION, DISTRIBUTION, ETC.
Date of publication, distribution, etc. 1987
300 ## - PHYSICAL DESCRIPTION
Extent 16p ; 30cm
350 ## - PRICE (NR) (BK AM CF MU VM SE) [OBSOLETE]
Price 0
490 ## - SERIES STATEMENT
Series statement REF/229/1987
520 ## - SUMMARY, ETC.
Summary, etc. Reference by consent for determination of the amount of compensation to which St. Johns College Oxford, is entitled for damage done to, injurious affection of land belonging to the college at by reason of the exercise of statutory powers by Thames Water Authority.
650 ## - SUBJECT ADDED ENTRY--TOPICAL TERM
Topical term or geographic name entry element ST JOHN'S COLLEGE OXFORD V THAMES WATER AUTHORITY
650 ## - SUBJECT ADDED ENTRY--TOPICAL TERM
Topical term or geographic name entry element Valuation
9 (RLIN) 6273
650 ## - SUBJECT ADDED ENTRY--TOPICAL TERM
Topical term or geographic name entry element WATER PIPE
650 ## - SUBJECT ADDED ENTRY--TOPICAL TERM
Topical term or geographic name entry element DIMINUTION IN VALUE
650 ## - SUBJECT ADDED ENTRY--TOPICAL TERM
Topical term or geographic name entry element WATER ACT 1945
690 ## - LOCAL SUBJECT ADDED ENTRY--TOPICAL TERM (OCLC, RLIN)
Topical term or geographic name as entry element COMPULSORY PURCHASE AND COMPENSATION
942 ## - ADDED ENTRY ELEMENTS (KOHA)
Suppress in OPAC 0
948 ## - LOCAL PROCESSING INFORMATION (OCLC); SERIES PART DESIGNATOR (RLIN)
c (OCLC) 04/03/1997
Holdings
Withdrawn status Lost status Source of classification or shelving scheme Damaged status Not for loan Home library Current library Shelving location Date acquired Total Checkouts Full call number Barcode Date last seen Copy number Price effective from Koha item type
    Dewey Decimal Classification     London London Basement 26/08/2004   RESERVE SHELVES 42070-1003 06/08/2019 3 06/08/2019 Reference material